书目信息 |
| 题名: |
原生家庭的羁绊
|
|
| 作者: | 相先生 著 | |
| 分册: | ||
| 出版信息: | 北京 中国人民大学出版社 2021 |
|
| 页数: | 197页 | |
| 开本: | 21cm | |
| 丛书名: | ||
| 单 册: | ||
| 中图分类: | C913.11 | |
| 科图分类: | ||
| 主题词: | 家庭--Jia Ting--社会心理学 | |
| 电子资源: | ||
| ISBN: | 978-7-300-29549-7 | |
| 000 | 01193nam0 2200265 450 | |
| 001 | 012024000115 | |
| 005 | 20241025220402.0 | |
| 010 | @a978-7-300-29549-7@dCNY55.00 | |
| 100 | @a20241025d2021 em y0chiy50 ea | |
| 101 | 0 | @achi |
| 102 | @aCN@b110000 | |
| 105 | @ay z 000yy | |
| 106 | @ar | |
| 200 | 1 | @a原生家庭的羁绊@AYuan Sheng Jia Ting De Ji Ban@e用心理学改写人生脚本@d= Break free from the bondages of your family of origin@erewrite your fate with psychology@f相先生著@zeng |
| 210 | @a北京@c中国人民大学出版社@d2021 | |
| 215 | @a197页@d21cm | |
| 300 | @a心理成长系列 | |
| 330 | @a本书从原生家庭入手,分析了和父母的关系是如何影响一个人的一生的,其中起作用的就是潜意识,就是人生脚本。作者从心理学的角度出发,梳理出四种摆脱原生家庭羁绊、改善人际关系、活出自己的方法。 | |
| 510 | 1 | @aBreak free from the bondages of your family of origin@erewrite your fate with psychology@zeng |
| 517 | 1 | @a用心理学改写人生脚本@AYong Xin Li Xue Gai Xie Ren Sheng Jiao Ben |
| 606 | 0 | @a家庭@AJia Ting@x社会心理学 |
| 690 | @aC913.11@v5 | |
| 701 | 0 | @a相先生@AXiang Xian Sheng@4著 |
| 801 | 0 | @aCN@bAHXH@c20241025 |
| 905 | @b214158203@b214158196@b214158187@b214158178@b214158169@f5@dC913.11@e2115 | |
| 原生家庭的羁绊:用心理学改写人生脚本= Break free from the bondages of your family of origin:rewrite your fate with psychology/相先生著.-北京:中国人民大学出版社,2021 |
| 197页;21cm |
| 心理成长系列 |
| ISBN 978-7-300-29549-7:CNY55.00 |
| 本书从原生家庭入手,分析了和父母的关系是如何影响一个人的一生的,其中起作用的就是潜意识,就是人生脚本。作者从心理学的角度出发,梳理出四种摆脱原生家庭羁绊、改善人际关系、活出自己的方法。 |
| ● |
| 相关链接 |
|
|
|
|
正题名:原生家庭的羁绊
索取号:C913.11/2115
 
预约/预借
| 序号 | 登录号 | 条形码 | 馆藏地/架位号 | 状态 | 备注 |
| 1 | 1415816 | 214158169 | 第一样本阅览室/ [索取号:C913.11/2115] | 在馆 | |
| 2 | 1415817 | 214158178 | 第一借阅区/ [索取号:C913.11/2115] | 在馆 | |
| 3 | 1415818 | 214158187 | 第一借阅区/ [索取号:C913.11/2115] | 在馆 | |
| 4 | 1415819 | 214158196 | 第一借阅区/ [索取号:C913.11/2115] | 在馆 | |
| 5 | 1415820 | 214158203 | 第一借阅区/ [索取号:C913.11/2115] | 在馆 |